• 首页
  • 本馆介绍
  • 公告通知
  • 最新文献
  • 馆藏检索
  • 电子资源
  • 读者导购
  • 参考咨询
  • 我的图书馆
  • 登录
  • 详细信息显示
  • 放入我的书架
  • 预约/预借图书
  • 作者相关作品
  • 分类相关作品
  • 丛书相关作品
  • 出版社相关作品

书目信息

  • 表格格式
  • 工作单格式
  • 卡片格式
书名: Techniques of CHINESE Table Tennis Players
作者: Compiled by CHINA SPORT Edition Board ,Beining.
分册号:
分册名:
出版地: HONG KONG :
 
出版社: HAI FENG PUBLISHING COMMPANY
出版时间: c1981.
页数: 105 p. ;
开本: 21cm.
丛书名:
中图分类号:
科图分类号:
其他分类号: G846.1
主题词:
电子资源:
000 00504nam 2200145 a 4500
001 E0730434594
005 20070428083644.89
008 070428s1981 00010 eng
040    @aPFT@beng
090    @aG846.1
099    @dG846.1@ex1
245 1  @aTechniques of CHINESE Table Tennis Players / @cCompiled by CHINA SPORT Edition Board ,Beining.
260    @aHONG KONG :@bHAI FENG PUBLISHING COMMPANY@f(China Fen Hin Printing Co.,Ltd.,@cc1981.
300    @a105 p. ;@c21cm.
710    @aCHINA SPORT Edition Board ,Beining.
    
    Techniques of CHINESE Table Tennis Players / / Compiled by CHINA SPORT Edition Board ,Beining.-HONG KONG : : HAI FENG PUBLISHING COMMPANY ((China Fen Hin Printing Co.,Ltd.,). , c1981.
    105 p. ; ; 21cm.
    
    
    ISBN
    
●
相关链接 在E读中查询图书 在五车中查询图书 在当当中查询图书 在豆瓣中查询图书


正题名:Techniques of CHINESE Table Tennis Players     索取号:G846.1/x1         预约/预借

序号 登录号 条形码 馆藏地/架位号 状态 备注
1 181639   001075339   第二样本阅览室/ [索取号:G846.1/x1] 在馆    
唐山师范学院图书馆 欢迎您!
大连网信软件有限公司© 版权所有